000 00762cam a2200277Ia 4500
001 41304
005 20230410101731.0
008 900503s1990 fr 000 1 fre
010 _a 90151580
035 _a(OCoLC)ocm21975631
040 _aDLC
_cDLC
_dRRR
_dOCL
019 _a21978883
020 _a2738405789
020 _a9782738405784
035 _a(OCoLC)21975631
_z(OCoLC)21978883
050 1 4 _a110 PQ 3949.2
_bL322s 1990
082 0 0 _a843.914
100 1 _aLarge, Josaphat,
_d1942-
245 1 4 _aLes sentiers de l'enfer :
_broman /
_cJosaphat Large.
260 _aParis :
_bEditions L'Harmattan,
_cc1990.
300 _a123 p. ;
_c22 cm.
650 4 _aCEH
650 4 _aColeccion Estudios Haitianos
942 _2lcc
_cbk
994 _aC0
_bDRFGD
999 _c13044
_d13044